| 000 | 00649aam a2200277 4500 | ||
|---|---|---|---|
| 005 | 20240605172550.0 | ||
| 008 | 151023b1998 xxu||||| |||| 00| | spa d | ||
| 020 | _a9968310131 | ||
| 041 | _aESP | ||
| 082 | _a577 M743b | ||
| 100 | _aMonge Nájera, Julián | ||
| 100 | _aGómez Figueroa, Patricia | ||
| 100 |
_aRivas Rossi, Marta _91517 |
||
| 245 | _aBiodiversidad tropical | ||
| 260 | _aCosta Rica | ||
| 260 | _bEUNED | ||
| 260 | _c1998 | ||
| 300 | _a332 páginas | ||
| 650 | _aECOLOGÍA | ||
| 650 | _aBIODIVERSIDAD | ||
| 650 | _aBIOLOGÍA | ||
| 650 | _aECOSISTEMAS | ||
| 650 | _aGENÉTICA | ||
| 942 |
_cBK _2ddc |
||
| 999 |
_c7268 _d7268 |
||